00510nam a2200157 a 4500008004100000020001800041050001700059100002200076245010300098250001200201260003800213300002200251350001100273490004800284650002000332130516s2009 ||||||||||||||||| || u a9780702030123 aRD 667.5 BRE aDixon, J. Michael10aBreast Surgery: a companion to specialist surgical practice. (4th ed.)cedited by J. Michael Dixon a4th ed. aEdinburgh, LondonbElsevierc2009 axiii, 312p.: ill. a141.86 aA companion to specialist surgical practice aBREAST--SURGERY